[Event "Benidorm op U2300 18th"]
[Site "Benidorm"]
[Date "2019.12.04"]
[Round "6"]
[White "Kandic, Milan"]
[Black "Argandona Salinas, Gorka"]
[Result "0-1"]
[WhiteElo "2142"]
[BlackElo "2070"]
[PlyCount "93"]
[EventDate "2019.11.29"]
[EventType "swiss"]
[EventRounds "10"]
[EventCountry "ESP"]
[SourceTitle "EXT 2022"]
[Source "ChessBase"]
[SourceDate "2021.10.06"]
[SourceVersion "1"]
[SourceVersionDate "2021.10.06"]
[SourceQuality "1"]

1. e4 e6 2. d4 d5 3. Nc3 Nf6 4. Bg5 dxe4 5. Nxe4 Be7 6. Bxf6 gxf6 7. Nf3 a6 8. Bd3 b5 9. Qe2 Bb7 10. 0-0-0 Bd5 11. Nc3 c6 12. Kb1 Nd7 13. Nxd5 cxd5 14. g4 Nb6 15. g5 f5 16. h4 Nc4 17. Ne5 Qc7 18. f4 Nxb2 19. Qd2 Nxd1 20. Rxd1 Rc8 21. h5 Qc3 22. Qxc3 Rxc3 23. Kb2 Rc7 24. Rg1 Bd6 25. Re1 Bxe5 26. Rxe5 0-0 27. h6 Rc6 28. Re1 f6 29. Rg1 fxg5 30. fxg5 Kf7 31. Be2 Kg6 32. Bd3 Re8 33. Rg2 e5 34. dxe5 Rxe5 35. Rg1 Re3 36. Kb3 a5 37. Kb2 Rc5 38. Rg2 d4 39. Rg1 b4 40. Rg2 a4 41. Rg1 Rc3 42. Bb5 a3+ 43. Kc1 d3 44. Ba4 dxc2 45. Kd2 c1Q+ 46. Rxc1 Rxc1 47. Kxe3 0-1

[Event "Navarra-chT"]
[Site "Navarra"]
[Date "2016.10.22"]
[Round "3.2"]
[White "Martinez Ayesa, Aitor"]
[Black "Argandona Salinas, Gorka"]
[Result "1/2-1/2"]
[WhiteElo "2031"]
[BlackElo "2086"]
[PlyCount "120"]
[EventDate "2016.10.08"]
[EventType "team-tourn"]
[EventRounds "7"]
[EventCountry "ESP"]
[SourceTitle "CBM 175 Extra"]
[Source "ChessBase"]
[SourceDate "2016.12.12"]
[SourceVersion "1"]
[SourceVersionDate "2016.12.12"]
[SourceQuality "1"]
[WhiteTeam "Mikel Gurea"]
[BlackTeam "Paz de Ziganda"]
[WhiteTeamCountry "ESP"]
[BlackTeamCountry "ESP"]

1. Nf3 d5 2. c4 e6 3. g3 c6 4. b3 f5 5. Bg2 Nf6 6. 0-0 Bd6 7. Bb2 Nbd7 8. d3 0-0 9. Nbd2 e5 10. e4 fxe4 11. dxe4 d4 12. Ng5 Qe7 13. f4 Ba3 14. Bxa3 Qxa3 15. Ndf3 Ng4 16. Nxe5 Ndxe5 17. fxe5 Ne3 18. Qh5 h6 19. Rxf8+ Qxf8 20. Nh3 Nxg2 21. Kxg2 Bxh3+ 22. Qxh3 Qe7 23. e6 Re8 24. Rd1 c5 25. Rf1 Qxe6 26. Qxe6+ Rxe6 27. Rf5 b6 28. Rd5 Rxe4 29. Kf2 Re3 30. Rd7 a5 31. Rd6 Rc3 32. Rxb6 Rc2+ 33. Kf3 Rxh2 34. Rb5 Rxa2 35. Rxc5 Ra3 36. Ke4 Rxb3 37. Kxd4 Rxg3 38. Rxa5 Rg1 39. c5 Rd1+ 40. Ke5 Re1+ 41. Kd6 Rd1+ 42. Kc7 g5 43. c6 g4 44. Kb7 Rc1 45. c7 Kg7 46. c8Q Rxc8 47. Kxc8 Kf6 48. Kd7 g3 49. Ra3 h5 50. Rxg3 Kf5 51. Kd6 h4 52. Rg8 Kf4 53. Kd5 h3 54. Kd4 h2 55. Rh8 Kg3 56. Ke3 Kg2 57. Rg8+ Kf1 58. Rf8+ Kg1 59. Rg8+ Kf1 60. Rh8 Kg1 1/2-1/2

[Event "Navarra-chTA"]
[Site "Pamplona"]
[Date "2015.10.31"]
[Round "4.2"]
[White "Insausti Goni, Sebastian"]
[Black "Argandona Salinas, Gorka"]
[Result "1/2-1/2"]
[WhiteElo "1885"]
[BlackElo "2085"]
[PlyCount "58"]
[EventDate "2015.10.10"]
[EventType "team-tourn"]
[EventRounds "7"]
[EventCountry "ESP"]
[SourceTitle "CBM 169 Extra"]
[Source "ChessBase"]
[SourceDate "2015.12.18"]
[SourceVersion "1"]
[SourceVersionDate "2015.12.18"]
[SourceQuality "1"]
[WhiteTeam "Arrano Elkartea"]
[BlackTeam "Paz de Ziganda"]
[WhiteTeamCountry "ESP"]
[BlackTeamCountry "ESP"]

1. e4 e6 2. d4 d5 3. Nd2 Nf6 4. e5 Nfd7 5. Ngf3 c5 6. c3 Nc6 7. Bd3 Be7 8. 0-0 g5 9. dxc5 Ndxe5 10. Nxe5 Nxe5 11. Nb3 Nxd3 12. Qxd3 Bd7 13. f4 a6 14. Rf2 g4 15. f5 Qc7 16. fxe6 fxe6 17. Qd4 e5 18. Qxd5 0-0-0 19. Bh6 Ba4 20. Qe6+ Kb8 21. Bg7 Bxb3 22. axb3 Bxc5 23. Bxe5 Rhf8 24. Bxc7+ Kxc7 25. Qc4 Kb6 26. b4 Bxf2+ 27. Kh1 g3 28. hxg3 Rf6 29. Qh4 Rdd6 1/2-1/2

[Event "Pamplona Navarro-ch"]
[Site "Pamplona"]
[Date "2015.05.16"]
[Round "6"]
[White "Gonzalez Pabollet, Jesus Maria"]
[Black "Argandona Salinas, Gorka"]
[Result "0-1"]
[WhiteElo "1860"]
[BlackElo "2115"]
[PlyCount "56"]
[EventDate "2015.04.11"]
[EventType "swiss"]
[EventRounds "8"]
[EventCountry "ESP"]
[SourceTitle "EXT 2016"]
[Source "ChessBase"]
[SourceDate "2015.10.08"]
[SourceVersion "1"]
[SourceVersionDate "2015.10.08"]
[SourceQuality "1"]

1. b3 e6 2. Bb2 d5 3. e3 Nf6 4. Nf3 Be7 5. Ne5 Nbd7 6. Be2 c5 7. 0-0 Nxe5 8. Bxe5 Bd7 9. d3 Bc6 10. Nd2 0-0 11. c4 Nd7 12. cxd5 Nxe5 13. dxc6 Nxc6 14. Ne4 b6 15. Rc1 Rc8 16. Qd2 Bf6 17. Rfd1 Qe7 18. Rc4 Rfd8 19. Nxf6+ Qxf6 20. Rf4 Qe5 21. d4 cxd4 22. exd4 Qd6 23. Rh4 Ne7 24. Bd3 Ng6 25. Bxg6 hxg6 26. g3 Rc7 27. Qg5 Rcd7 28. Qg4 e5 0-1

[Event "Navarra-ch"]
[Site "Pamplona"]
[Date "2014.04.12"]
[Round "3"]
[White "Argandona Salinas, Gorka"]
[Black "Apesteguia Domaica, Jose Antonio"]
[Result "1-0"]
[WhiteElo "2064"]
[BlackElo "1884"]
[PlyCount "57"]
[EventDate "2014.03.29"]
[EventType "swiss"]
[EventRounds "8"]
[EventCountry "ESP"]
[SourceTitle "EXT 2016"]
[Source "ChessBase"]
[SourceDate "2015.10.08"]
[SourceVersion "1"]
[SourceVersionDate "2015.10.08"]
[SourceQuality "1"]

1. d4 d5 2. c4 e6 3. Nc3 c6 4. Nf3 Nf6 5. Bg5 Nbd7 6. cxd5 exd5 7. e3 Bd6 8. Bd3 0-0 9. Qc2 h6 10. Bh4 Re8 11. 0-0 g5 12. Bg3 Bxg3 13. hxg3 Qe7 14. Nd2 Qd6 15. Rfe1 Nh5 16. Rad1 Ndf6 17. e4 dxe4 18. Ndxe4 Qd8 19. Nxf6+ Nxf6 20. Bc4 Re7 21. Qg6+ Kf8 22. Qxh6+ Kg8 23. Qxg5+ Kf8 24. Re5 Ng8 25. Rde1 Qd6 26. Rxe7 Nxe7 27. Qh5 Ng6 28. Qh6+ Kg8 29. Re8+ 1-0

[Event "Pamplona Navarra Preferente op"]
[Site "Pamplona"]
[Date "2013.05.11"]
[Round "5"]
[White "Perez Marchal, Javier"]
[Black "Argandona Salinas, Gorka"]
[Result "1/2-1/2"]
[WhiteElo "1863"]
[BlackElo "2051"]
[PlyCount "124"]
[EventDate "2013.04.13"]
[EventType "swiss"]
[EventRounds "7"]
[EventCountry "ESP"]
[SourceTitle "CBM 154 Extra"]
[Source "ChessBase"]
[SourceDate "2013.06.25"]
[SourceVersion "2"]
[SourceVersionDate "2013.06.25"]
[SourceQuality "1"]

1. e4 e6 2. d4 d5 3. Nd2 dxe4 4. Nxe4 Nd7 5. Nf3 Ngf6 6. Nxf6+ Nxf6 7. Be3 Bd6 8. Bd3 b6 9. Qe2 Bb7 10. 0-0-0 Qe7 11. Kb1 0-0-0 12. Ba6 Nd5 13. Bd2 Rhe8 14. Ne5 Bxe5 15. Bxb7+ Kxb7 16. dxe5 c6 17. a3 Rd7 18. c4 Nc7 19. Bb4 c5 20. Bc3 Red8 21. Rxd7 Qxd7 22. Qe4+ Qc6 23. Qg4 g6 24. Re1 Qd7 25. Qe4+ Kb8 26. f3 Qd3+ 27. Qxd3 Rxd3 28. Kc2 Rd7 29. Re3 Kb7 30. g4 Kc6 31. Rd3 Rxd3 32. Kxd3 b5 33. b3 bxc4+ 34. bxc4 Na8 35. a4 Nb6 36. a5 Nc8 37. Bd2 Ne7 38. Be3 Kb7 39. Bxc5 Nc6 40. Bd6 Nxa5 41. h4 Kc6 42. f4 h5 43. gxh5 gxh5 44. Bb4 Nb7 45. Kd4 a6 46. Ba3 Kb6 47. Bb4 Nd8 48. Ke4 Nc6 49. Ba3 Kc7 50. f5 a5 51. Kf4 Nb4 52. Kg5 Nd3 53. Kf6 exf5 54. Kxf5 Kd7 55. Kf6 a4 56. Bd6 Kc6 57. Kxf7 a3 58. Bxa3 Nxe5+ 59. Kf6 Nf3 60. Kg6 Nxh4+ 61. Kxh5 Nf5 62. Kg5 Nd6 1/2-1/2

[Event "Pamplona Navarra Preferente op"]
[Site "Pamplona"]
[Date "2013.04.20"]
[Round "2"]
[White "Argandona Salinas, Gorka"]
[Black "Jimenez Almeida, Luis David"]
[Result "1-0"]
[WhiteElo "2051"]
[BlackElo "1994"]
[PlyCount "71"]
[EventDate "2013.04.13"]
[EventType "swiss"]
[EventRounds "7"]
[EventCountry "ESP"]
[SourceTitle "CBM 154 Extra"]
[Source "ChessBase"]
[SourceDate "2013.06.25"]
[SourceVersion "2"]
[SourceVersionDate "2013.06.25"]
[SourceQuality "1"]

1. d4 g6 2. c4 Bg7 3. e4 c5 4. d5 d6 5. Nc3 Nf6 6. Bd3 0-0 7. h3 e6 8. Nge2 exd5 9. exd5 Nbd7 10. 0-0 Ne5 11. Bg5 Qb6 12. b3 Re8 13. Rc1 Nxd3 14. Qxd3 Bf5 15. Qd2 Ne4 16. Nxe4 Rxe4 17. Be3 Bd7 18. Ng3 Re5 19. Bf4 Re7 20. Rfe1 Rae8 21. Rxe7 Rxe7 22. Re1 Be5 23. Ne4 f6 24. Bxe5 fxe5 25. Qg5 Rf7 26. Re3 Kg7 27. Rf3 Bf5 28. Ng3 Bb1 29. Nh5+ Kg8 30. Rxf7 Kxf7 31. Qf6+ Ke8 32. Qe6+ Kf8 33. Qf6+ Ke8 34. Ng7+ Kd7 35. Ne6 Ke8 36. Qf8+ 1-0

[Event "Navarra-chT Preferente"]
[Site "Navarra"]
[Date "2012.11.10"]
[Round "5.3"]
[White "Martinez Rodriguez, Pablo1111"]
[Black "Argandona Salinas, Gorka"]
[Result "0-1"]
[WhiteElo "1943"]
[BlackElo "2052"]
[PlyCount "90"]
[EventDate "2012.10.13"]
[EventType "team"]
[EventRounds "7"]
[EventCountry "ESP"]
[SourceTitle "EXT 2014"]
[Source "ChessBase"]
[SourceDate "2013.11.20"]
[SourceVersion "1"]
[SourceVersionDate "2013.11.20"]
[SourceQuality "1"]
[WhiteTeam "Runa"]
[BlackTeam "Paz de Ziganda"]
[WhiteTeamCountry "ESP"]
[BlackTeamCountry "ESP"]

1. e4 e6 2. d4 d5 3. Nd2 dxe4 4. Nxe4 Nd7 5. Bd3 Ngf6 6. Qe2 a6 7. Bg5 Be7 8. Nxf6+ Bxf6 9. Bxf6 Qxf6 10. Nf3 c5 11. 0-0-0 cxd4 12. h4 Nc5 13. Ng5 Bd7 14. Ne4 Nxd3+ 15. Qxd3 Qf4+ 16. Kb1 Bc6 17. Rhe1 Rd8 18. g3 Qc7 19. f4 Bxe4 20. Rxe4 0-0 21. Rxd4 Rxd4 22. Qxd4 Rc8 23. c3 h6 24. g4 Qc4 25. Qe3 Rc5 26. h5 Rd5 27. Rxd5 Qxd5 28. Qe2 Qd6 29. Qf3 b5 30. Qa8+ Kh7 31. Qf3 Qd2 32. a3 f5 33. gxf5 exf5 34. Qc6 Qd1+ 35. Ka2 Qxh5 36. Qxa6 Qf7+ 37. Kb1 Qd5 38. Kc2 h5 39. Qb6 Qe4+ 40. Kb3 Qa4+ 41. Ka2 Qc4+ 42. Kb1 Qxf4 43. Qxb5 h4 44. Qc5 h3 45. Qc6 Qe4+ 0-1

[Event "Pamplona op"]
[Site "Pamplona"]
[Date "2008.12.29"]
[Round "9"]
[White "Argandona Salinas, Gorka"]
[Black "Vega Gutierrez, Belinda Vidina"]
[Result "1/2-1/2"]
[WhiteElo "2055"]
[BlackElo "2226"]
[PlyCount "91"]
[EventDate "2008.12.22"]
[EventType "swiss"]
[EventRounds "9"]
[EventCountry "ESP"]
[SourceTitle "CBM 127 Extra"]
[Source "ChessBase"]
[SourceDate "2009.01.08"]
[SourceVersion "2"]
[SourceVersionDate "2009.01.28"]
[SourceQuality "1"]

1. d4 d6 2. e4 Nf6 3. Nc3 e5 4. dxe5 dxe5 5. Qxd8+ Kxd8 6. Bg5 c6 7. Bc4 Ke8 8. Nge2 Nfd7 9. 0-0 Nc5 10. Rad1 f6 11. Be3 Nba6 12. Bxa6 Nxa6 13. a3 Be6 14. f4 Bc5 15. Bxc5 Nxc5 16. fxe5 fxe5 17. Ng3 g6 18. h3 Ke7 19. Rd2 Rhf8 20. Rxf8 Rxf8 21. Rf2 Rd8 22. Kf1 b5 23. Ke1 a5 24. Rd2 Rf8 25. Rf2 Ra8 26. b3 b4 27. axb4 axb4 28. Nd1 Bxb3 29. cxb3 Nd3+ 30. Ke2 Nxf2 31. Nxf2 Ra3 32. Nd3 Rxb3 33. Nf1 Rb1 34. Nd2 Rg1 35. Kf2 Rd1 36. Ke2 Rg1 37. Ne1 c5 38. Kf2 Rh1 39. Nd3 b3 40. Ke2 Rg1 41. Kf2 Ra1 42. Ke3 Rg1 43. Kf2 Ra1 44. Ke3 Rg1 45. Kf2 Ra1 46. Ke3 1/2-1/2

[Event "Pamplona op"]
[Site "Pamplona"]
[Date "2008.12.26"]
[Round "5"]
[White "Argandona Salinas, Gorka"]
[Black "Ortega Lopez, Adrian"]
[Result "1-0"]
[WhiteElo "2055"]
[BlackElo "1911"]
[PlyCount "113"]
[EventDate "2008.12.22"]
[EventType "swiss"]
[EventRounds "9"]
[EventCountry "ESP"]
[SourceTitle "CBM 127 Extra"]
[Source "ChessBase"]
[SourceDate "2009.01.08"]
[SourceVersion "2"]
[SourceVersionDate "2009.01.28"]
[SourceQuality "1"]

1. d4 d5 2. c4 e6 3. Nc3 Nf6 4. Bg5 Be7 5. e3 c6 6. Nf3 Nbd7 7. cxd5 exd5 8. Bd3 0-0 9. Qc2 b6 10. Ne5 Nxe5 11. dxe5 Nd7 12. Bxe7 Qxe7 13. f4 h6 14. 0-0-0 Bb7 15. Qf2 Rfe8 16. g4 c5 17. Nb5 Nf8 18. Nd6 Red8 19. Rhg1 g6 20. f5 g5 21. f6 Qxe5 22. Nxb7 Rd7 23. Bb5 Rxb7 24. Bc6 Rab8 25. Bxb7 Rxb7 26. h4 Rd7 27. hxg5 Qxg5 28. Qf4 Ne6 29. Qxg5+ Nxg5 30. Rh1 Kh7 31. Rh5 Ne4 32. Rhxd5 Rxd5 33. Rxd5 Nxf6 34. Rf5 Kg7 35. Rf4 Nd5 36. Re4 Kf6 37. a3 b5 38. Kd2 c4 39. Re8 a6 40. Ra8 Nc7 41. Ra7 Ne6 42. Rxa6 Kg5 43. Ra5 Kxg4 44. Rxb5 f5 45. Rb6 Nc5 46. Rxh6 Ne4+ 47. Ke2 Ng3+ 48. Kf2 Ne4+ 49. Kg2 Kg5 50. Rc6 Nd2 51. a4 f4 52. exf4+ Kxf4 53. a5 Ke4 54. a6 Kd5 55. Rh6 Ne4 56. a7 c3 57. a8Q+ 1-0

[Event "Orvina-B"]
[Site "Orvina"]
[Date "2006.12.05"]
[Round "3"]
[White "Zamarbide Inarrea, Daniel"]
[Black "Argandona Salinas, Gorka"]
[Result "1/2-1/2"]
[WhiteElo "2015"]
[BlackElo "2105"]
[PlyCount "140"]
[EventDate "2006.12.03"]
[EventType "tourn"]
[EventRounds "10"]
[EventCountry "ESP"]
[SourceTitle "EXT 2008"]
[Source "ChessBase"]
[SourceDate "2007.11.25"]
[SourceVersion "1"]
[SourceVersionDate "2007.11.25"]
[SourceQuality "1"]

1. e4 e6 2. Nf3 d5 3. Nc3 Nf6 4. e5 Ne4 5. d4 Bb4 6. Bd2 Nxd2 7. Qxd2 c5 8. a3 Qa5 9. Rb1 cxd4 10. axb4 dxc3 11. Qxc3 Qd8 12. Bd3 Nc6 13. Bb5 Qb6 14. Bxc6+ Qxc6 15. Qxc6+ bxc6 16. Nd4 Bb7 17. Ra1 a6 18. c3 Kd7 19. Nb3 Kc7 20. Nc5 Kb6 21. Ra5 Bc8 22. 0-0 f6 23. f4 Rf8 24. g4 fxe5 25. fxe5 Rxf1+ 26. Kxf1 Ra7 27. Kg2 Rf7 28. Ra1 h6 29. h4 g6 30. b3 Kb5 31. Nd3 Rf8 32. Rf1 Rxf1 33. Kxf1 g5 34. hxg5 hxg5 35. Ke2 a5 36. bxa5 Kxa5 37. Ke3 Ba6 38. Nc5 Bc8 39. Kd4 Kb5 40. b4 Kb6 41. Ke3 Kb5 42. Kd3 Kb6 43. Kc2 Ba6 44. Kd2 Bc8 45. Ke3 Kb5 46. Kd4 Kb6 47. Ke3 Kb5 48. Kd3 Kb6 49. Kd4 Kc7 50. Na4 Ba6 51. Nc5 Bc8 52. Ke3 Kb6 53. Kd2 Kb5 54. Kd3 Kb6 55. Kc2 Kb5 56. Kb3 Kb6 57. Ka4 Ba6 58. Nxe6 Bb5+ 59. Kb3 Be2 60. Ng7 Bd1+ 61. Ka3 Bxg4 62. e6 c5 63. e7 Bd7 64. e8Q Bxe8 65. Nxe8 d4 66. cxd4 cxd4 67. Kb3 g4 68. Nf6 g3 69. Nd5+ Kb5 70. Nf4 d3 1/2-1/2

[Event "Orvina-B"]
[Site "Orvina"]
[Date "2006.12.03"]
[Round "1"]
[White "Fournier, Camille"]
[Black "Argandona Salinas, Gorka"]
[Result "1/2-1/2"]
[WhiteElo "2091"]
[BlackElo "2105"]
[PlyCount "93"]
[EventDate "2006.12.03"]
[EventType "tourn"]
[EventRounds "10"]
[EventCountry "ESP"]
[SourceTitle "EXT 2008"]
[Source "ChessBase"]
[SourceDate "2007.11.25"]
[SourceVersion "1"]
[SourceVersionDate "2007.11.25"]
[SourceQuality "1"]

1. Nf3 e6 2. c4 d5 3. d4 Nf6 4. Nc3 Nbd7 5. cxd5 exd5 6. Bg5 Be7 7. e3 0-0 8. Bd3 Re8 9. Qc2 Nf8 10. 0-0 g6 11. h3 Ne6 12. Bh4 Ng7 13. Bg3 c6 14. a3 Bf5 15. b4 Rc8 16. Bh2 Bd6 17. Bxd6 Qxd6 18. Rfb1 Ne4 19. Bxe4 Bxe4 20. Nxe4 Rxe4 21. b5 c5 22. Nd2 Ree8 23. dxc5 Rxc5 24. Qd3 Qe5 25. Nf3 Qe4 26. Qd4 Ne6 27. Qf6 b6 28. Ne5 Rc7 29. Rb4 Qc2 30. Rh4 Ng7 31. Ng4 Nf5 32. Qg5 Nxh4 33. Nf6+ Kf8 34. Nxe8 Kxe8 35. Qxh4 Qb2 36. Rd1 Rc1 37. Rxc1 Qxc1+ 38. Kh2 Qxa3 39. Qf6 Qc5 40. Qh8+ Ke7 41. Qxh7 Qxb5 42. Qh4+ Ke8 43. Qh8+ Ke7 44. Qe5+ Kd7 45. Qf6 Ke8 46. Qh8+ Kd7 47. Qf6 1/2-1/2